[Event "GER-ch Rapid Women 2017"]
[Site "Erfurt"]
[Date "2017.07.29"]
[Round "5"]
[White "Rath, Alina"]
[Black "Muetsch, Annmarie"]
[Result "1-0"]
[WhiteElo "2035"]
[BlackElo "2049"]
[Annotator "NA"]
[PlyCount "85"]
[EventDate "2017.??.??"]
[EventType "swiss"]
[EventCountry "GER"]
[SourceTitle "playchess.com"]
[Source "ChessBase"]
[SourceQuality "1"]
[TimeControl "1200"]

1. c4 {[%emt 0:00:01]} e5 {[%emt 0:00:01]} 2. Nc3 {[%emt 0:00:02]} Nc6 {[%emt 0:00:02]} 3. g3 {[%emt 0:00:01]} g6 {[%emt 0:00:01]} 4. Bg2 {[%emt 0:00:02]} Bg7 {[%emt 0:00:02]} 5. e4 {[%emt 0:00:02]} d6 {[%emt 0:00:04]} 6. Nge2 {[%emt 0:00:02]} Nge7 {[%emt 0:00:03]} 7. O-O {[%emt 0:00:03]} O-O {[%emt 0:00:03]} 8. d3 {[%emt 0:00:02]} f5 {[%emt 0:00:16]} 9. f4 {[%emt 0:00:03]} a5 {[%emt 0:00:32]} 10. Be3 {[%emt 0:00:05]} Be6 {[%emt 0:00:45]} 11. Qd2 {[%emt 0:00:30]} Kh8 {[%emt 0:00:43]} 12. b3 {[%emt 0:00:10]} fxe4 {[%emt 0:02:15]} 13. dxe4 {[%emt 0:00:07]} Qd7 {[%emt 0:00:20]} 14. Rae1 {[%emt 0:00:25]} Rae8 {[%emt 0:00:14]} 15. Nd5 {[%emt 0:00:05]} b6 {[%emt 0:00:35]} 16. Nec3 {[%emt 0:00:09]} Bxd5 {[%emt 0:01:08]} 17. exd5 {[%emt 0:00:10]} Nd8 {[%emt 0:00:26]} 18. fxe5 {[%emt 0:00:24]} Bxe5 {[%emt 0:00:35]} 19. Bd4 {[%emt 0:00:18]} Nf5 {[%emt 0:03:59]} 20. Bxe5+ {[%emt 0:00:03]} dxe5 {[%emt 0:00:02]} 21. Bh3 {[%emt 0:00:04]} Qg7 {[%emt 0:00:24]} 22. Ne4 {[%emt 0:01:20]} Nd4 {[%emt 0:00:10]} 23. Qd3 {[%emt 0:00:06]} Nf7 {[%emt 0:02:04]} 24. a3 {[%emt 0:03:08]} Nd6 {[%emt 0:00:34]} 25. Nd2 {[%emt 0:00:55]} Qh6 {[%emt 0:01:02]} 26. Bg2 {[%emt 0:00:03]} Qg5 {[%emt 0:00:12]} 27. b4 {[%emt 0:00:14]} axb4 {[%emt 0:00:29]} 28. axb4 {[%emt 0:00:02]} Ra8 {[%emt 0:00:14]} 29. c5 {[%emt 0:00:07]} Rxf1+ {[%emt 0:00:03]} 30. Rxf1 {[%emt 0:00:16]} bxc5 {[%emt 0:00:57]} 31. bxc5 {[%emt 0:00:02]} N6f5 {[%emt 0:00:01]} 32. d6 {[%emt 0:01:22]} c6 {[%emt 0:00:02]} 33. Ne4 {[%emt 0:00:36]} Qh6 {[%emt 0:00:06]} 34. Re1 {[%emt 0:00:33]} Ra2 {[%emt 0:00:11]} 35. Qb1 {[%emt 0:00:29]} Ra8 {[%emt 0:00:09]} 36. Qb7 {[%emt 0:00:26]} Rf8 {[%emt 0:00:01]} 37. d7 {[%emt 0:01:04]} Ne3 {[%emt 0:00:03]} 38. Qc8 {[%emt 0:00:42]} Ne6 {[%emt 0:00:24]} 39. Qxc6 {[%emt 0:00:22]} Ng5 {[%emt 0:00:09]} 40. d8=Q {[%emt 0:01:21]} Ng4 {[%emt 0:00:17]} 41. Qxf8+ {[%emt 0:00:25]} Qxf8 {[%emt 0:00:02]} 42. Rf1 {[%emt 0:00:24]} Qd8 43. Qd6 {[%emt 0:00:52]} 1-0

[Event "GER-ch Rapid Women 2017"]
[Site "Erfurt"]
[Date "2017.07.29"]
[Round "5"]
[White "Zahn, Alina"]
[Black "Kinzel, Tiffany"]
[Result "1-0"]
[WhiteElo "2025"]
[BlackElo "1755"]
[Annotator "NA"]
[PlyCount "87"]
[EventDate "2017.??.??"]
[EventType "swiss"]
[EventCountry "GER"]
[SourceTitle "playchess.com"]
[Source "ChessBase"]
[SourceQuality "1"]
[TimeControl "1200"]

1. e4 {[%emt 0:00:02]} c5 {[%emt 0:00:01]} 2. Nf3 {[%emt 0:00:01]} d6 {[%emt 0:00:04]} 3. d4 {[%emt 0:00:06]} cxd4 {[%emt 0:00:02]} 4. Nxd4 {[%emt 0:00:01]} Nf6 {[%emt 0:00:01]} 5. f3 {[%emt 0:00:01]} a6 {[%emt 0:00:08]} 6. c4 {[%emt 0:00:03]} e6 {[%emt 0:00:29]} 7. Be3 {[%emt 0:00:04]} b6 {[%emt 0:00:40]} 8. Be2 {[%emt 0:00:03]} Bb7 {[%emt 0:00:02]} 9. O-O {[%emt 0:00:06]} Be7 {[%emt 0:00:02]} 10. Qd2 {[%emt 0:00:02]} O-O {[%emt 0:00:04]} 11. Nc3 {[%emt 0:00:01]} Nbd7 {[%emt 0:00:20]} 12. Rfd1 {[%emt 0:00:19]} Rc8 {[%emt 0:00:43]} 13. Bf1 {[%emt 0:00:44]} Qc7 {[%emt 0:00:48]} 14. Rac1 {[%emt 0:00:18]} Rfd8 {[%emt 0:00:06]} 15. Qf2 {[%emt 0:00:35]} Bc6 {[%emt 0:05:09]} 16. Nb3 {[%emt 0:03:03]} Qb8 {[%emt 0:00:34]} 17. Nd4 {[%emt 0:01:10]} Ba8 {[%emt 0:01:39]} 18. b3 {[%emt 0:01:45]} Ne8 {[%emt 0:00:50]} 19. Qg3 {[%emt 0:01:32]} Ne5 {[%emt 0:00:40]} 20. f4 {[%emt 0:00:26]} Nc6 {[%emt 0:00:03]} 21. Nf3 {[%emt 0:00:36]} Nf6 {[%emt 0:01:00]} 22. Bd3 {[%emt 0:00:27]} Nb4 {[%emt 0:00:04]} 23. Bb1 {[%emt 0:00:13]} d5 {[%emt 0:00:24]} 24. e5 {[%emt 0:01:31]} Ne4 {[%emt 0:01:32]} 25. Qh3 {[%emt 0:00:39]} Bc5 {[%emt 0:01:00]} 26. Bxc5 {[%emt 0:00:21]} bxc5 {[%emt 0:00:04]} 27. a3 {[%emt 0:00:25]} Nc6 {[%emt 0:00:45]} 28. cxd5 {[%emt 0:00:26]} Nxc3 {[%emt 0:00:09]} 29. Qxh7+ {[%emt 0:00:14]} Kf8 {[%emt 0:00:01]} 30. Rxc3 {[%emt 0:00:21]} exd5 {[%emt 0:00:17]} 31. Qh8+ {[%emt 0:00:09]} Ke7 {[%emt 0:00:01]} 32. Qxg7 {[%emt 0:00:01]} Rg8 {[%emt 0:00:11]} 33. Qf6+ {[%emt 0:00:04]} Ke8 {[%emt 0:00:07]} 34. e6 {[%emt 0:00:27]} Qb7 {[%emt 0:00:31]} 35. Bh7 {[%emt 0:00:52]} Rf8 {[%emt 0:00:17]} 36. exf7+ {[%emt 0:00:10]} Rxf7 {[%emt 0:00:21]} 37. Bg6 {[%emt 0:00:20]} Nd8 {[%emt 0:00:13]} 38. Re3+ {[%emt 0:00:48]} Kd7 {[%emt 0:00:07]} 39. Bxf7 {[%emt 0:00:10]} Rc6 {[%emt 0:00:23]} 40. Re7+ {[%emt 0:00:06]} Kc8 {[%emt 0:00:01]} 41. Qf5+ {[%emt 0:00:07]} Re6 {[%emt 0:00:05]} 42. Bxe6+ {[%emt 0:00:05]} Nxe6 {[%emt 0:00:02]} 43. Qxe6+ {[%emt 0:00:01]} Kb8 {[%emt 0:00:00]} 44. Rxb7+ {[%emt 0:00:03]} 1-0

[Event "GER-ch Rapid Women 2017"]
[Site "Erfurt"]
[Date "2017.07.29"]
[Round "5"]
[White "Zimmer, Elke"]
[Black "Zschischang, Marine"]
[Result "0-1"]
[WhiteElo "1950"]
[BlackElo "2057"]
[Annotator "NA"]
[PlyCount "52"]
[EventDate "2017.??.??"]
[EventType "swiss"]
[EventCountry "GER"]
[SourceTitle "playchess.com"]
[Source "ChessBase"]
[SourceQuality "1"]
[TimeControl "1200"]

1. e4 {[%emt 0:00:01]} e6 {[%emt 0:00:00]} 2. d4 {[%emt 0:00:01]} d5 3. exd5 exd5 {[%emt 0:00:02]} 4. Nf3 {[%emt 0:00:02]} Nf6 {[%emt 0:00:01]} 5. Bd3 {[%emt 0:00:01]} Bd6 {[%emt 0:00:01]} 6. Bg5 {[%emt 0:00:03]} h6 {[%emt 0:00:01]} 7. Bh4 {[%emt 0:00:01]} Qe7+ {[%emt 0:00:02]} 8. Qe2 {[%emt 0:00:01]} Qxe2+ {[%emt 0:00:02]} 9. Bxe2 {[%emt 0:00:01]} Ne4 {[%emt 0:00:01]} 10. Nbd2 {[%emt 0:00:08]} f5 {[%emt 0:00:02]} 11. Ne5 {[%emt 0:00:13]} Bxe5 {[%emt 0:00:11]} 12. dxe5 {[%emt 0:00:02]} g5 {[%emt 0:00:07]} 13. Bg3 {[%emt 0:00:07]} f4 {[%emt 0:00:14]} 14. Bh5+ {[%emt 0:00:50]} Ke7 {[%emt 0:00:05]} 15. O-O-O {[%emt 0:00:42]} Nxd2 {[%emt 0:01:59]} 16. Rxd2 {[%emt 0:00:03]} fxg3 {[%emt 0:00:27]} 17. hxg3 {[%emt 0:00:06]} Be6 {[%emt 0:00:07]} 18. f4 {[%emt 0:00:22]} Nc6 {[%emt 0:01:10]} 19. Bg6 {[%emt 0:00:05]} Raf8 {[%emt 0:00:20]} 20. Rf2 {[%emt 0:00:02]} Nxe5 {[%emt 0:00:40]} 21. Bh5 {[%emt 0:00:18]} gxf4 {[%emt 0:01:11]} 22. Re2 {[%emt 0:00:02]} Kd6 {[%emt 0:00:22]} 23. Rhe1 {[%emt 0:00:02]} Rf5 {[%emt 0:00:12]} 24. g4 {[%emt 0:00:10]} Rg5 {[%emt 0:00:08]} 25. b3 {[%emt 0:00:07]} c5 {[%emt 0:00:55]} 26. Rd2 {[%emt 0:00:08]} Bxg4 {[%emt 0:00:24]} 0-1

[Event "GER-ch Rapid Women 2017"]
[Site "Erfurt"]
[Date "2017.07.29"]
[Round "5"]
[White "Perez Celis, Alba"]
[Black "Daemering, Katrin"]
[Result "0-1"]
[WhiteElo "1790"]
[BlackElo "2033"]
[Annotator "NA"]
[PlyCount "66"]
[EventDate "2017.??.??"]
[EventType "swiss"]
[EventCountry "GER"]
[SourceTitle "playchess.com"]
[Source "ChessBase"]
[SourceQuality "1"]
[TimeControl "1200"]

1. e4 {[%emt 0:00:03]} c5 {[%emt 0:00:02]} 2. Ne2 {[%emt 0:00:02]} d6 {[%emt 0:00:16]} 3. Nbc3 {[%emt 0:00:03]} g6 {[%emt 0:00:20]} 4. g3 {[%emt 0:00:02]} Bg7 {[%emt 0:00:02]} 5. Bg2 {[%emt 0:00:01]} e6 {[%emt 0:00:03]} 6. d3 {[%emt 0:00:06]} Nc6 {[%emt 0:00:06]} 7. O-O {[%emt 0:00:04]} Nge7 {[%emt 0:00:06]} 8. f4 {[%emt 0:00:03]} f5 {[%emt 0:00:15]} 9. Kh1 {[%emt 0:00:29]} O-O {[%emt 0:00:08]} 10. Be3 {[%emt 0:01:01]} Nd4 {[%emt 0:00:15]} 11. Qd2 {[%emt 0:00:15]} a6 {[%emt 0:00:23]} 12. Nd1 {[%emt 0:00:10]} Bd7 {[%emt 0:00:44]} 13. c3 {[%emt 0:00:03]} Nxe2 {[%emt 0:00:15]} 14. Qxe2 {[%emt 0:00:06]} Bc6 {[%emt 0:00:12]} 15. Nf2 {[%emt 0:00:13]} Qd7 {[%emt 0:01:11]} 16. Rad1 {[%emt 0:00:20]} Rae8 {[%emt 0:00:25]} 17. d4 {[%emt 0:01:38]} c4 {[%emt 0:01:06]} 18. e5 {[%emt 0:01:48]} Bxg2+ {[%emt 0:00:34]} 19. Kxg2 {[%emt 0:00:02]} Qc6+ {[%emt 0:00:25]} 20. Kg1 {[%emt 0:00:09]} Nd5 {[%emt 0:00:05]} 21. Nh3 {[%emt 0:01:06]} h6 {[%emt 0:00:35]} 22. Rfe1 {[%emt 0:00:47]} Rd8 {[%emt 0:01:11]} 23. Rd2 {[%emt 0:00:36]} Rfe8 {[%emt 0:00:05]} 24. Kf2 {[%emt 0:00:37]} b5 {[%emt 0:00:56]} 25. g4 {[%emt 0:00:50]} Nxe3 {[%emt 0:00:32]} 26. Qxe3 {[%emt 0:00:56]} fxg4 {[%emt 0:00:03]} 27. Ng1 {[%emt 0:00:52]} dxe5 {[%emt 0:00:34]} 28. fxe5 {[%emt 0:00:22]} Rf8+ {[%emt 0:00:09]} 29. Ke2 {[%emt 0:00:15]} Rf5 {[%emt 0:01:13]} 30. Kd1 {[%emt 0:01:06]} b4 {[%emt 0:00:19]} 31. Ne2 {[%emt 0:01:20]} Qa4+ {[%emt 0:00:38]} 32. Rc2 {[%emt 0:00:35]} Rf3 {[%emt 0:00:44]} 33. Qe4 {[%emt 0:00:26]} Rd3+ {[%emt 0:00:08]} 0-1

[Event "GER-ch Rapid Women 2017"]
[Site "Erfurt"]
[Date "2017.07.29"]
[Round "5"]
[White "Bachmann, Sylvia"]
[Black "Mader, Lena"]
[Result "1/2-1/2"]
[WhiteElo "1677"]
[BlackElo "1880"]
[Annotator "NA"]
[PlyCount "144"]
[EventDate "2017.??.??"]
[EventType "swiss"]
[EventCountry "GER"]
[SourceTitle "playchess.com"]
[Source "ChessBase"]
[SourceQuality "1"]
[TimeControl "1200"]

1. e4 {[%emt 0:00:01]} c5 {[%emt 0:00:01]} 2. Nc3 {[%emt 0:00:02]} e6 {[%emt 0:00:07]} 3. g3 {[%emt 0:00:05]} d5 {[%emt 0:00:09]} 4. exd5 {[%emt 0:00:07]} exd5 {[%emt 0:00:01]} 5. Bg2 {[%emt 0:00:01]} Nf6 {[%emt 0:00:09]} 6. d3 {[%emt 0:00:02]} Be7 {[%emt 0:00:17]} 7. f4 {[%emt 0:00:20]} O-O {[%emt 0:00:31]} 8. Nf3 {[%emt 0:00:02]} Nc6 {[%emt 0:00:28]} 9. O-O {[%emt 0:00:02]} Bf5 {[%emt 0:00:44]} 10. h3 {[%emt 0:00:41]} d4 {[%emt 0:01:33]} 11. Ne2 {[%emt 0:00:24]} Qc7 {[%emt 0:00:29]} 12. Nh4 {[%emt 0:01:21]} Bd7 {[%emt 0:01:21]} 13. Nf3 {[%emt 0:01:09]} Rae8 {[%emt 0:01:08]} 14. c3 {[%emt 0:00:16]} dxc3 {[%emt 0:01:14]} 15. bxc3 {[%emt 0:00:07]} Qc8 {[%emt 0:00:53]} 16. Kh2 {[%emt 0:00:02]} Bd6 {[%emt 0:00:08]} 17. d4 {[%emt 0:00:55]} Ne4 {[%emt 0:01:44]} 18. d5 {[%emt 0:01:20]} Na5 {[%emt 0:00:44]} 19. Nd2 {[%emt 0:01:08]} Nxd2 {[%emt 0:00:45]} 20. Qxd2 {[%emt 0:00:30]} Nc4 {[%emt 0:00:04]} 21. Qd3 {[%emt 0:00:08]} b5 {[%emt 0:00:13]} 22. g4 {[%emt 0:00:58]} Re7 {[%emt 0:00:48]} 23. Ng3 {[%emt 0:00:33]} Rfe8 {[%emt 0:00:34]} 24. Rf3 {[%emt 0:00:12]} Nb6 {[%emt 0:00:31]} 25. Nf5 {[%emt 0:00:21]} c4 {[%emt 0:00:38]} 26. Nxe7+ {[%emt 0:00:08]} Rxe7 {[%emt 0:00:01]} 27. Qd2 {[%emt 0:00:28]} Qc7 {[%emt 0:00:09]} 28. Qd4 {[%emt 0:01:01]} Bc5 {[%emt 0:00:31]} 29. Qd1 {[%emt 0:00:14]} a5 {[%emt 0:00:07]} 30. Kh1 {[%emt 0:00:18]} b4 {[%emt 0:00:04]} 31. Bb2 {[%emt 0:01:04]} Na4 {[%emt 0:00:07]} 32. Qc2 {[%emt 0:00:14]} Bd6 {[%emt 0:00:21]} 33. f5 {[%emt 0:00:20]} Be5 {[%emt 0:00:20]} 34. Rb1 {[%emt 0:00:21]} Nxc3 {[%emt 0:00:29]} 35. Bxc3 {[%emt 0:00:13]} Bxc3 {[%emt 0:00:01]} 36. a3 {[%emt 0:01:04]} Qd6 {[%emt 0:00:06]} 37. axb4 {[%emt 0:00:35]} axb4 {[%emt 0:00:00]} 38. Qf2 {[%emt 0:00:55]} b3 {[%emt 0:00:12]} 39. Rxc3 {[%emt 0:00:03]} Bb5 {[%emt 0:00:07]} 40. Rb2 {[%emt 0:00:16]} Qf6 {[%emt 0:00:07]} 41. Qd2 {[%emt 0:00:07]} Qd6 {[%emt 0:00:08]} 42. Re3 {[%emt 0:00:13]} Rd7 {[%emt 0:00:02]} 43. Re8+ {[%emt 0:00:01]} Qf8 {[%emt 0:00:03]} 44. Rxf8+ {[%emt 0:00:03]} Kxf8 {[%emt 0:00:00]} 45. Qf4 {[%emt 0:00:06]} h6 {[%emt 0:00:14]} 46. Qb8+ {[%emt 0:00:02]} Ke7 {[%emt 0:00:03]} 47. Qxb5 {[%emt 0:00:02]} c3 {[%emt 0:00:03]} 48. Re2+ {[%emt 0:00:02]} Kf6 {[%emt 0:00:10]} 49. Qc6+ {[%emt 0:00:01]} Kg5 {[%emt 0:00:01]} 50. Qxc3 {[%emt 0:00:07]} Rb7 {[%emt 0:00:02]} 51. Qe3+ {[%emt 0:00:04]} Kf6 {[%emt 0:00:01]} 52. Qd4+ {[%emt 0:00:04]} Kg5 {[%emt 0:00:02]} 53. Kh2 {[%emt 0:00:02]} b2 {[%emt 0:00:03]} 54. Rxb2 {[%emt 0:00:01]} Rxb2 {[%emt 0:00:02]} 55. Qxb2 {[%emt 0:00:01]} g6 {[%emt 0:00:02]} 56. fxg6 {[%emt 0:00:04]} fxg6 57. Qe5+ {[%emt 0:00:05]} Kh4 {[%emt 0:00:03]} 58. Be4 {[%emt 0:00:04]} g5 {[%emt 0:00:02]} 59. Kg1 {[%emt 0:00:05]} h5 {[%emt 0:00:03]} 60. gxh5 {[%emt 0:00:03]} g4 {[%emt 0:00:02]} 61. Qf6+ {[%emt 0:00:03]} Kg3 {[%emt 0:00:02]} 62. Qf1 {[%emt 0:00:08]} Kh4 {[%emt 0:00:03]} 63. hxg4 {[%emt 0:00:03]} Kg5 {[%emt 0:00:04]} 64. Qf3 {[%emt 0:00:08]} Kh4 {[%emt 0:00:03]} 65. Bf5 {[%emt 0:00:04]} Kg5 {[%emt 0:00:05]} 66. Qh3 {[%emt 0:00:02]} Kf6 {[%emt 0:00:09]} 67. Kf2 {[%emt 0:00:02]} Kg5 {[%emt 0:00:01]} 68. Kf3 {[%emt 0:00:02]} Kf6 {[%emt 0:00:01]} 69. Qh4+ {[%emt 0:00:01]} Ke5 {[%emt 0:00:02]} 70. Qe7+ {[%emt 0:00:02]} Kxd5 {[%emt 0:00:01]} 71. Qe4+ {[%emt 0:00:02]} Kc5 {[%emt 0:00:02]} 72. Qe5+ {[%emt 0:00:01]} Kc4 {[%emt 0:00:01]} 1/2-1/2

[Event "GER-ch Rapid Women 2017"]
[Site "Erfurt"]
[Date "2017.07.30"]
[Round "7"]
[White "Paehtz, Elisabeth"]
[Black "Rogozenco, Teodora"]
[Result "1/2-1/2"]
[WhiteElo "2486"]
[BlackElo "2169"]
[Annotator "TA"]
[PlyCount "107"]
[EventDate "2017.??.??"]
[EventType "swiss"]
[EventCountry "GER"]
[SourceTitle "playchess.com"]
[Source "ChessBase"]
[SourceQuality "1"]

{[%evp 20,106,15,11,11,11,7,9,10,8,44,27,47,25,26,12,36,8,29,32,39,33,47,50,68,39,77,82,57,8,16,9,60,23,75,60,85,39,80,48,60,33,193,164,160,0,0,0,0,0,0,-35,0,-91,0,0,0,0,0,0,799,310,293,-109,-95,-129,-114,-133,-53,-61,-52,-130,0,-8,0,-134,0,-22,-33,-47,-45,-61,0,0,483,461,883,436,29999]} 1. Nf3 g6 2. d4 Nf6 3. c4 Bg7 4. g3 O-O 5. Bg2 c6 6. O-O d5 7. cxd5 cxd5 8. Ne5 e6 9. Nc3 Nfd7 10. f4 Nc6 11. e3 Ndxe5 {D79: Fianchetto Grünfeld: Symmetrical Variation (6 0-0 c6 7 cxd5 cxd5)} (11... Nb6 12. b3 Bd7 13. Ba3 Ne7 14. Rc1 Re8 15. Qd2 Bc6 16. Rc2 Nbc8 17. Nxc6 Nxc6 18. Na4 Nd6 19. Rfc1 Rc8 20. Nc5 Ne7 21. Nd3 Rxc2 22. Rxc2 Nef5 23. Bxd6 Nxd6 24. Qc3 {½-½ (24) Bacrot,E (2695)-Cheparinov,I (2670) Heraklio 2007}) 12. fxe5 f6 13. exf6 Bxf6 {The position is equal.} 14. b3 b6 15. Ba3 Rf7 16. Qd3 $146 ({Predecessor:} 16. Bh3 e5 17. Bxc8 Rxc8 18. dxe5 Bxe5 19. Rxf7 Kxf7 {1-0 (36) Koskinen,H (2297)-Byggmastar,L (2202) Finland 2009}) 16... a5 {Black wants to play ...Ba6.} 17. Rf2 Ba6 18. Qd2 Raa7 19. Bf1 Bxf1 20. Raxf1 Bg7 21. Nb5 {[#] And now Qc3 would win.} Rad7 22. Qc2 Rxf2 23. Rxf2 Ne7 24. Bxe7 Rxe7 25. Qc6 Bh6 (25... h5 $11) 26. Rf3 Kg7 (26... Bg7 $11 {remains equal.}) 27. Kg2 $16 Bg5 28. a4 Bh6 29. Kf2 Bg5 30. Ke2 e5 $2 (30... h5 $1 $14) 31. dxe5 Rxe5 32. Nd4 $2 (32. Nd6 $16) 32... Qe7 $11 {[%cal Rg5e3]} 33. Qc3 Bf6 $1 34. Nc6 $36 {[%mdl 2048] White has good play.} Qc7 {...Re6 is the strong threat.} 35. Qc2 (35. Rxf6 $5 Kxf6 36. Qxe5+ Qxe5 37. Nxe5 Kxe5 38. Kd3 $11) 35... Re4 36. Kf2 (36. Nb4 $11 Qd8 37. Nd3) 36... Qc8 (36... Re6 $17 37. Nd4 Qxc2+ 38. Nxc2 Rc6) 37. Nd4 $1 Qh3 38. Qc7+ $1 Re7 39. Qf4 Qxh2+ $2 {[%mdl 8192]} (39... Rf7 $11) 40. Kf1 $2 (40. Ke1 Qh1+ 41. Kd2 Qg2+ 42. Kd3 Rxe3+ 43. Rxe3) 40... Qh3+ $18 41. Kf2 $2 (41. Ke2 $18 Rf7 42. g4 Qg2+ 43. Kd3) 41... Rf7 $17 42. Kg1 Qd7 43. Kg2 {[#]} Kg8 ({Black should try} 43... h5 $1 $17 44. Qb8 Bxd4 45. Rxf7+ Qxf7 46. exd4 Qe6 47. Qc7+ Kh6 48. Qc1+ g5) 44. Qb8+ $15 Qd8 45. Qf4 (45. Qxd8+ $1 $15 Bxd8 46. Ne6) 45... Qd7 (45... Qe8 $17 {next ...Bg7 is good for Black.} 46. Ne2 Be5) 46. Qb8+ $11 Qd8 (46... Bd8 $11) 47. Qf4 $17 Qd7 (47... Qe8 $17 48. Qg4 Bxd4 49. Qxd4 Qe4 50. Qxe4 dxe4) 48. Qb8+ $11 Bd8 49. Rxf7 Kxf7 50. Nf3 {Black must now prevent Ne5+.} Bc7 (50... Qc7 $15 51. Ng5+ Kg8) 51. Qh8 {Strongly threatening Ng5+.} Ke6 $2 {[%mdl 8192]} (51... Qd6 $11 {and Black is okay.} 52. Qxh7+ Kf8) 52. Nd4+ $18 Kd6 (52... Kf7 $142 53. Qxh7+ Ke8 54. Qg8+ Ke7 55. Qg7+ Ke8 56. Qg8+ Ke7 57. Qg7+ Ke8 58. Qg8+) 53. Qf8+ (53. Qf6+ $142 Kc5 54. Nb5) 53... Ke5 (53... Qe7 $18 54. Nb5+ Kd7 55. Qxe7+ Kxe7) 54. Qf4# {[%mdl 32768] Precision: White = 39%, Black = 29%. . An unexpected result.} 1/2-1/2

[Event "GER-ch Rapid Women 2017"]
[Site "Erfurt"]
[Date "2017.07.30"]
[Round "7"]
[White "Michna, Marta"]
[Black "Rath, Alina"]
[Result "1-0"]
[WhiteElo "2377"]
[BlackElo "2035"]
[Annotator "NA"]
[PlyCount "77"]
[EventDate "2017.??.??"]
[EventType "swiss"]
[EventCountry "GER"]
[SourceTitle "playchess.com"]
[Source "ChessBase"]
[SourceQuality "1"]
[TimeControl "1200"]

1. d4 {[%emt 0:00:01]} d5 {[%emt 0:00:01]} 2. Bf4 {[%emt 0:00:01]} e6 {[%emt 0:00:02]} 3. e3 {[%emt 0:00:02]} c5 {[%emt 0:00:01]} 4. c3 {[%emt 0:00:05]} Nc6 {[%emt 0:00:03]} 5. Nd2 {[%emt 0:00:03]} Bd6 {[%emt 0:00:09]} 6. Bg3 {[%emt 0:00:13]} Nf6 {[%emt 0:00:28]} 7. Ngf3 {[%emt 0:00:03]} Nh5 {[%emt 0:00:41] D02: 1 d4 d5 2 Nf3 sidelines, including 2...Nf6 3 g3 and 2...Nf6 3 Bf4} (7... O-O 8. Bb5 Bxg3 9. hxg3 Qb6 10. a4 h6 11. O-O Ne7 12. Qb3 Qc7 13. a5 Bd7 14. Be2 Ng6 15. Qa3 c4 {1-0 (38) Carlsen,M (2832)-Caruana,F (2808) Paris 2017}) 8. Bd3 {[%emt 0:00:58]} Nxg3 {[%emt 0:00:03]} 9. hxg3 {[%emt 0:00:01]} h6 {[%emt 0:00:02]} 10. Rc1 {[%emt 0:00:41]} O-O {[%emt 0:00:23]} 11. g4 $146 {[%emt 0:01:08]} ({Predecessor:} 11. Bb1 Bd7 12. Qc2 f5 13. Nh4 Qf6 14. Qb3 {½-½ (42) Csatlos,R-Varcaba,A Miskolc 2005}) 11... cxd4 {[%emt 0:00:39]} 12. exd4 {[%emt 0:01:33]} Be7 {[%emt 0:00:48]} 13. O-O {[%emt 0:00:18]} b6 {[%emt 0:00:13]} 14. Qe2 {[%emt 0:00:08]} Bf6 {[%emt 0:00:17]} 15. Rce1 {[%emt 0:00:25]} Bb7 {[%emt 0:00:19]} 16. Bb1 {[%emt 0:00:45]} g6 {[%emt 0:00:03]} 17. Qd3 {[%emt 0:01:35]} Qd6 {[%emt 0:00:49]} 18. Re3 {[%emt 0:00:35]} Rae8 {[%emt 0:00:10]} 19. Rfe1 {[%emt 0:00:06]} Bg7 {[%emt 0:00:57]} 20. Ne5 {[%emt 0:00:21]} Nxe5 {[%emt 0:00:05]} 21. dxe5 {[%emt 0:00:01]} Qe7 {[%emt 0:00:02]} 22. Nf3 {[%emt 0:00:32]} Rc8 {[%emt 0:00:02]} 23. Nd4 {[%emt 0:00:07]} a6 {[%emt 0:00:18]} 24. f4 {[%emt 0:00:16]} Qh4 {[%emt 0:01:14]} 25. Qe2 {[%emt 0:00:25]} Rfe8 {[%emt 0:01:03] [#]} 26. Bd3 {[%emt 0:00:29]} (26. f5 $1 $18) 26... b5 27. a3 Rc7 {[%emt 0:00:28]} 28. Rf1 {[%emt 0:00:13]} Bc8 {[%emt 0:00:05] [#]} 29. Rh3 $2 {[%emt 0:00:35]} (29. g5 $1 $18 {[%mdl 512]}) 29... Qe7 {[%emt 0:00:03]} 30. Rff3 $16 {[%emt 0:00:34]} f5 {[%emt 0:00:17]} 31. exf6 {[%emt 0:00:19]} Qxf6 {[%emt 0:00:02]} 32. g5 {[%emt 0:00:21]} Qf7 {[%emt 0:00:43]} 33. gxh6 {[%emt 0:00:08]} Bxd4+ {[%emt 0:00:02]} 34. cxd4 {[%emt 0:00:01]} Kh7 {[%emt 0:00:05]} 35. Rhg3 {[%emt 0:00:20]} Rg8 {[%emt 0:00:02]} 36. Rg5 {[%emt 0:00:06]} Qf6 {[%emt 0:00:14]} 37. Qe5 {[%emt 0:00:14]} Rc1+ {[%emt 0:00:33]} 38. Kh2 {[%emt 0:00:01]} Qf7 {[%emt 0:02:17]} 39. Rfg3 {[%emt 0:00:09]} 1-0

[Event "GER-ch Rapid Women 2017"]
[Site "Erfurt"]
[Date "2017.07.30"]
[Round "7"]
[White "Hess, Olena"]
[Black "Daemering, Katrin"]
[Result "1/2-1/2"]
[WhiteElo "2094"]
[BlackElo "2033"]
[Annotator "NA"]
[PlyCount "35"]
[EventDate "2017.??.??"]
[EventType "swiss"]
[EventCountry "GER"]
[SourceTitle "playchess.com"]
[Source "ChessBase"]
[SourceQuality "1"]
[TimeControl "1200"]

1. Nf3 {[%emt 0:00:01]} Nf6 {[%emt 0:00:02]} 2. c4 {[%emt 0:00:06]} d6 {[%emt 0:00:03]} 3. d4 {[%emt 0:00:04]} g6 {[%emt 0:00:03]} 4. Nc3 {[%emt 0:00:05]} Bg7 {[%emt 0:00:02]} 5. e4 {[%emt 0:00:01]} O-O {[%emt 0:00:04]} 6. Be2 {[%emt 0:00:12]} Nc6 {[%emt 0:01:02]} 7. O-O {[%emt 0:00:21]} e5 {[%emt 0:00:24]} 8. d5 {[%emt 0:00:01]} Ne7 {[%emt 0:00:02]} 9. Qc2 {[%emt 0:00:10]} h6 {[%emt 0:00:32]} 10. Rd1 {[%emt 0:00:38]} Ne8 {[%emt 0:00:27]} 11. g3 {[%emt 0:03:05]} f5 {[%emt 0:01:05]} 12. Nh4 {[%emt 0:00:02]} f4 {[%emt 0:01:10]} 13. b4 {[%emt 0:01:26]} g5 {[%emt 0:00:18]} 14. Nf3 {[%emt 0:01:40]} Ng6 {[%emt 0:02:02]} 15. Ne1 {[%emt 0:02:55]} Qf6 {[%emt 0:01:12]} 16. Nd3 {[%emt 0:01:12]} Bh3 {[%emt 0:02:06]} 17. c5 {[%emt 0:01:44]} a6 {[%emt 0:01:27]} 18. a4 {[%emt 0:00:20]} 1/2-1/2